000 00314nam a2200133Ia 4500
008 200103s9999||||xx |||||||||||||| ||und||
040 _aIMU-MPC
082 _aColumn-59
100 _aGordon j.m,
245 0 _aControl engineering
260 _bD.van nostrand company inc
_c1968
300 _axii385
942 _cBK
999 _c10857
_d10857